Pokémon that Start with Y - Statistics

General Stats
  • This quiz has been taken 3,441 times
    3,129 since last reset
  • The average score is 5 of 6
Answer Stats
Gen Answer % Correct
VI Yveltal
89%
II Yanma
85%
IV Yanmega
83%
V Yamask
73%
VIII Yamper
66%
VII Yungoos
63%
No matching quizzes found
Score Distribution
Percent of People with Each Score
Percentile by Number Answered
Your Score History
You have not taken this quiz since the last reset